Score 0/20 Timer 03:00
0 Plays Today
Actor Missing Word % Correct
Christopher Lee
Count Dooku - Darth Tyranus
Chocolate
98.4%
Christopher Lee
Count Dooku - Darth Tyranus
Three
98.1%
Ray Park
Darth Maul
Men
91.1%
Christopher Lee
Count Dooku - Darth Tyranus
Sleepy
90.6%
Christopher Lee
Count Dooku - Darth Tyranus
Towers
90.4%
James Earl Jones
Darth Vader (voice)
October
89.9%
Ian McDiarmid
Emperor Palpatine - Darth Sidious
Crime
87%
Ian McDiarmid
Emperor Palpatine - Darth Sidious
Rotten
82%
James Earl Jones
Darth Vader (voice)
Clear
79.4%
James Earl Jones
Darth Vader (voice)
Home
69.8%
Actor Missing Word % Correct
Ray Park
Darth Maul
King
63.9%
Ray Park
Darth Maul
Rise
58.5%
Ian McDiarmid
Emperor Palpatine - Darth Sidious
King's
56.5%
Ian McDiarmid
Emperor Palpatine - Darth Sidious
Darkness
47%
Christopher Lee
Count Dooku - Darth Tyranus
Witch
44.3%
James Earl Jones
Darth Vader (voice)
Beloved
33.1%
Ray Park
Darth Maul
Movie
20.8%
Ray Park
Darth Maul
Retaliation
20.2%
Ian McDiarmid
Emperor Palpatine - Darth Sidious
Sir
5.2%
James Earl Jones
Darth Vader (voice)
Fish
3.2%

Today's Daily Dose

Remove Ads.
Support Sporcle.
Get the best of Sporcle when you Go Orange. This ad-free experience offers more features, more stats, and more fun while also helping to support Sporcle. Thank you for becoming a member.

You're not logged in!

Compare scores with friends on all Sporcle quizzes.
OR
Log In

Show Comments

Extras

Top Quizzes Today


Score Distribution

Your Account Isn't Verified!

In order to create a playlist on Sporcle, you need to verify the email address you used during registration. Go to your Sporcle Settings to finish the process.

Report this User

Report this user for behavior that violates our Community Guidelines.

Details: